| 000 | 01470nab a22003017a 4500 | ||
|---|---|---|---|
| 999 |
_c5622 _d5622 |
||
| 003 | OSt | ||
| 005 | 20251222231842.0 | ||
| 008 | 190429b xxu||||| |||| 00| 0 spa d | ||
| 040 | _cPJ | ||
| 100 |
_96596 _aGrisotti, Abril |
||
| 245 | 1 | 3 |
_aEl jardín donde los senderos se bifurcan hacia el plazo razonable / _cAbril Grisotti. |
| 260 |
_cCiudad Autónoma de Buenos Aires : _aThomson Reuters La Ley, _b2025. |
||
| 300 | _ap. 94-102 | ||
| 500 | _aCita: TR LALEY AR/DOC/2845/2025. | ||
| 505 | _a Sumario: I. Introducción.— II. Hechos.— III. Argumentos del fallo.— IV. Consecuencias de la inobservancia de los plazos.— V. ¿Existe otra solución posible para acercarnos a un plazo más razonable?— VI. Conclusiones. | ||
| 505 | _aFallo comentado: CGarantías en lo Penal, San Isidro, sala I ~ 24/04/2025 ~ G., N. y otros s/ incidente ofrecimiento de prueba. | ||
| 505 | _tSi te interesa el texto completo, solicitalo a koha@justierradelfuego.gov.ar | ||
| 650 | 0 |
_9343 _aDERECHO PENAL |
|
| 650 | 0 |
_92348 _aPROCESO PENAL |
|
| 650 | 0 |
_9180 _aDEBIDO PROCESO |
|
| 650 | 0 |
_91975 _aPRUEBA |
|
| 650 | 0 |
_9586 _aDEFENSA EN JUICIO |
|
| 650 | 0 |
_92083 _aRECURSO DE APELACIÓN (PROCESAL) |
|
| 650 | 0 |
_92718 _aSITUACIÓN DEL IMPUTADO |
|
| 650 | 0 |
_91956 _aPLAZOS PROCESALES |
|
| 773 | 0 |
_02658 _93164 _tRevista de derecho penal y criminología. Nº 11 - Diciembre 2025 _dCiudad Autónoma de Buenos Aires : Thomson Reuters La Ley, 2017- _x00347914 |
|
| 942 |
_2udc _cANA |
||